Sports Quiz

Random Sports Quiz

2012 Florida Gators opponents Quiz Stats

Quiz not verified by Sporcle

Challenge
Share
Tweet
Embed
Score 0/13 Timer 01:30
0 Plays Today
Hint Answer % Correct
W 37-20Tennessee
94.1%
L 17-9Georgia
92.1%
W 14-6LSU
91.1%
W 38-0Kentucky
89.1%
W 37-26Florida State
87.1%
W 31-17Vanderbilt
86.1%
W 44-11South Carolina
81.2%
L 33-23Louisville
67.3%
W 14-7Missouri
66.3%
W 20-17Texas A&M
65.3%
W 27-14Bowling Green
39.6%
W 27-20Louisiana
37.6%
W 23-0Jacksonville State
29.7%

You're not logged in!

Compare scores with friends on all Sporcle quizzes.
Join for Free
OR
Log In

You Might Also Like...

Show Comments

Extras

Created Oct 19, 2014ReportNominate
Tags:2012, florida, gator, opponent

Top Quizzes Today


Score Distribution

Your Account Isn't Verified!

In order to create a playlist on Sporcle, you need to verify the email address you used during registration. Go to your Sporcle Settings to finish the process.

Report this User

Report this user for behavior that violates our Community Guidelines.

Details: